Statistics for Places named for People Quiz

Click here to take the quiz!

General Stats

  • This quiz has been taken 28,228 times
    (28,223 since last reset)
  • The average score is 11 of 20

Answer Stats

Place Named for a ... Answer % Correct
U.S. stateU.S. PresidentWashington
98%
Nebraska cityU.S. PresidentLincoln
72%
U.S. stateFrench KingLouisiana
72%
Egyptian cityAncient conquerorAlexandria
64%
U.S. stateQueen Elizabeth IVirginia
63%
British Columbia cityEnglish queenVictoria
62%
New Zealand cityEnglish generalWellington
60%
Ohio cityExplorerColumbus
58%
Wisconsin cityU.S. PresidentMadison
56%
North Australia cityNaturalistDarwin
53%
Vietnamese cityVietnamese
revolutionary
Ho Chi Minh City
52%
U.S. stateQuaker leaderPennsylvania
51%
South Carolina cityEnglish KingCharleston
50%
Florida cityU.S. PresidentJacksonville
44%
Liberian capitalU.S. PresidentMonrovia
41%
CountryBiblical patriarchIsrael
39%
Australian stateDutch explorerTasmania
37%
Nevada cityFrontiersmanCarson City
36%
New Zealand cityEnglish admiralNelson
29%
Country
(former name)
De Beers founderRhodesia
26%

Score Distribution

Percentile by Number Answered

Percent of People with Each Score

Your Score History

You have not taken this quiz since the last reset